Sociología de la comunidad local / (Record no. 87156)

MARC details
000 -LEADER
campo de control de longitud fija 00788nam a2200229 i 4500
001 - NÚMERO DE CONTROL
campo de control 87156
003 - IDENTIFICADOR DE NÚMERO DE CONTROL
campo de control ES-MaACL
005 - FECHA Y HORA DE LA ÚLTIMA TRANSACCIÓN
campo de control 20250910211905.0
007 - CAMPO FIJO DE DESCRIPCIÓN FÍSICA--INFORMACIÓN GENERAL
campo de control de longitud fija t|
008 - DATOS DE LONGITUD FIJA--INFORMACIÓN GENERAL
campo de control de longitud fija 041220s1971 sp ||||1| spa d
100 1# - ENTRADA PRINCIPAL--NOMBRE DE PERSONA
Nombre de persona König, René.
9 (RLIN) 68442
245 10 - MENCIÓN DEL TÍTULO
Título Sociología de la comunidad local /
Mención de responsabilidad, etc. René König ; [traductor: Carlos Moya ; presentación: Enrique Martín López].
260 ## - PUBLICACIÓN, DISTRIBUCIÓN, ETC.
Lugar de publicación, distribución, etc. [Madrid :
Nombre del editor, distribuidor, etc. Euroamérica,
Fecha de publicación, distribución, etc. 1971]
300 ## - DESCRIPCIÓN FÍSICA
Extensión XV, 9, 298 p. ;
Dimensiones 18 cm.
490 1# - MENCIÓN DE SERIE
Mención de serie Colección Fundación Foessa. Serie Síntesis
650 04 - PUNTO DE ACCESO ADICIONAL DE MATERIA--TÉRMINO DE MATERIA
Término de materia o nombre geográfico como elemento de entrada Grupos sociales.
9 (RLIN) 13166
700 1# - ENTRADA AGREGADA--NOMBRE PERSONAL
Nombre de persona Moya, Carlos.
9 (RLIN) 184026
700 1# - ENTRADA AGREGADA--NOMBRE PERSONAL
Nombre de persona Martín López, Enrique.
9 (RLIN) 77541
830 0# - PUNTO DE ACCESO ADICIONAL DE SERIE-TÍTULO UNIFORME
Título uniforme Colección Fundación Foessa. Serie Síntesis
9 (RLIN) 184027
852 ## - LOCALIZACIÓN
Ubicación ES-MaACL
Número de control de estantería C-49196
Sublocalización o colección R.77535
Holdings
Estatus retirado Estado de pérdida Estado de daño No para préstamo Biblioteca de origen Biblioteca actual Ubicación en estantería Fecha de adquisición Fuente de adquisición Total de préstamos Signatura topográfica completa Código de barras Visto por última vez Precio de reemplazo Tipo de ítem Koha
        Biblioteca del Ateneo de Madrid Biblioteca del Ateneo de Madrid Depósito 2 17/01/2008     C-49196 1091062 23/02/2023 23/02/2023 Libro impreso